000 01006nam a22002297a 4500
005 20240530110621.0
008 161220s2015 ua g 000 0 ara d
017 _a2014/25200
_bمصر. دار الكتب
020 _a9789774115444
040 _aEG-CaGPL
_cEG-CaGPL
082 0 4 _221
_a306.489\
_bا ع
245 0 0 _aعلم الاجتماع الجمالى /
_cاشراف السيد على شتا ؛ اعداد و تبويب و مراجعة الترجمة و العرض و التعريب لجنة من المتخصصين
250 _aط. 1
260 _aالقاهرة :
_bالمكتبة المصرية للنشر و التوزيع ،
_c2015 .
300 _a265 ص. ؛
_c24 سم.
490 0 _aموسوعة العلوم الاجتماعية ؛
_v43
650 0 7 _2qrmak
_aالاجتماع الفنى
_xعلم
700 0 _aالسيد على شتا
_eاشراف
700 0 _aلجنة من المتخصصين
_eمعد و مترجم
942 _2ddc
_cBK
999 _c63057
_d63057